000 00510cab a2200217 4500
001 X1123
008 090401t1993 xxu||||| |||| 00| 0 eng d
035 _a(Sirsi) u14799
041 _aeng
245 _aSpanish land prices falling
260 _c1993
350 _a0
490 _aCS Monthly : Rural Practice
_v3(2) October 1993, 8(1)
650 _aFARMLAND
650 _aLAND PRICES
650 _aSPAIN
690 _aOVERSEAS-EUROPE
690 _aRURAL PRACTICE
942 _n0
948 _c04/03/1997
999 _c9661
_d9661